| 000 | 01117nam a2200277 a 4500 | ||
|---|---|---|---|
| 001 | 33582 | ||
| 003 | BD-RjUL | ||
| 005 | 20211209052030.0 | ||
| 008 | 140510s1967 ne c b 001 0 eng d | ||
| 020 | _a9024715024 (v.1) | ||
| 035 | _a(BD-RjUL) | ||
| 040 |
_aUkOxU _beng _cUkOxU _dBD-RjUL |
||
| 041 | _aeng | ||
| 082 | 0 | 0 |
_a300.1 _bCOL V-1 1967 |
| 245 | 0 |
_aCollected papers / _cedited by Alfred Schutz _nV-1 _pThe problem of social reality |
|
| 250 | _a4th unchanged ed. | ||
| 260 |
_aThe Hague : _bNijhoff, _c1967. |
||
| 300 |
_aXLVII, 361p. : _bport. ; _c25 cm |
||
| 504 | _aIncludes bibliographical references and indexes | ||
| 505 | 0 | _av. 1. The problem of social reality / edited and introduced by Maurice Natanson ; with a preface by H.L. Van Breda -- v. 2. Studies in social theory / edited and introduced by Arvid Brodersen -- v. 3. Studies in phenomenological philosophy / edited by I. Schutz ; with an introduction by Aron Gurwitsch | |
| 650 | 0 |
_aSocial sciences _xMethodology _9100712 |
|
| 650 | 0 |
_aPhenomenology _93377 |
|
| 700 | 1 |
_a Schutz, Alfred _95084 |
|
| 942 |
_2ddc _cBK |
||
| 999 |
_c33582 _d33582 |
||